| 000 | 00559nam a22002057a 4500 | ||
|---|---|---|---|
| 999 |
_c9392 _d9392 |
||
| 003 | AR-CdUCM | ||
| 008 | 190327b ||||| |||| 00| 0 spa d | ||
| 040 |
_aMUNICIPALIDAD PROVINCIAL DEL CUSCO _cBIBLIOTECA MUNICIPAL DEL CUSCO |
||
| 082 |
_a869.56 / _bR21 |
||
| 100 |
_aRamos Perea, Abel _913681 |
||
| 245 | _aMadre / | ||
| 260 |
_aCusco : _bGarcilaso, _c1962. |
||
| 300 |
_a62 paginas ; _c17 cm. |
||
| 505 | _aContenido :Madre. | ||
| 650 |
_aHistorias _92725 |
||
| 650 |
_aReseƱas _925564 |
||
| 650 |
_aPoemas _9929 |
||
| 942 |
_2ddc _cLIBROS |
||
| 945 | _arum | ||